LEADER 00938nam0-22003131i-450- 001 990003014920403321 005 20070703103303.0 035 $a000301492 035 $aFED01000301492 035 $a(Aleph)000301492FED01 035 $a000301492 100 $a20030910d1961----km-y0itay50------ba 101 0 $aeng 200 1 $aAtlas of economic development$fby Norton Ginsburg$gwith a foreword by Bert F. Hoselitz and Part VIII, a Statistical Analysis, by Brian J. L. Berry 210 $aChicago$cUniversity of Chicago Press$d1961 215 $aVII, 119 p.$d25x35 cm 610 0 $aAtlanti 610 0 $aSviluppo 702 1$aGinsburg,$bNorton 801 0$aIT$bUNINA$gRICA$2UNIMARC 901 $aBK 912 $a990003014920403321 952 $aXV 02 73$b274$fDTE 952 $aCOL INESI$fDTE 952 $aA/15 GIN$b021585$fSES 959 $aDTE 959 $aSES 996 $aAtlas of economic development$9467702 997 $aUNINA LEADER 01223nam 2200421 450 001 9910466106503321 005 20200520144314.0 010 $a1-86922-663-1 035 $a(CKB)3710000001363781 035 $a(MiAaPQ)EBC4857212 035 $a(Au-PeEL)EBL4857212 035 $a(CaPaEBR)ebr11383701 035 $a(OCoLC)987639853 035 $a(EXLCZ)993710000001363781 100 $a20170605h20172017 uy 0 101 0 $aeng 135 $aurcnu|||||||| 181 $2rdacontent 182 $2rdamedia 183 $2rdacarrier 200 10$aOrganisation designs from start-up to global $edynamic designs for growth /$fMichael Bellerby 210 1$aRandburg, [South Africa] :$cKR Publishing,$d2017. 210 4$dİ2017 215 $a1 online resource (239 pages) $cillustrations 300 $aIncludes index. 311 $a1-86922-662-3 606 $aBusiness$vCongresses 608 $aElectronic books. 615 0$aBusiness 676 $a330.9730926 700 $aBellerby$b Michael $0977050 801 0$bMiAaPQ 801 1$bMiAaPQ 801 2$bMiAaPQ 906 $aBOOK 912 $a9910466106503321 996 $aOrganisation designs from start-up to global$92225774 997 $aUNINA LEADER 03177oam 2200757I 450 001 9910958622103321 005 20260221010947.0 010 $a1-136-64367-2 010 $a1-283-44131-4 010 $a9786613441317 010 $a0-203-80481-3 010 $a1-136-64368-0 024 7 $a10.4324/9780203804810 035 $a(CKB)2550000000087470 035 $a(EBL)957366 035 $a(OCoLC)798533042 035 $a(SSID)ssj0000589658 035 $a(PQKBManifestationID)12226176 035 $a(PQKBTitleCode)TC0000589658 035 $a(PQKBWorkID)10664792 035 $a(PQKB)11580753 035 $a(Au-PeEL)EBL957366 035 $a(CaPaEBR)ebr10529241 035 $a(CaONFJC)MIL344131 035 $a(OCoLC)785777840 035 $a(FINmELB)ELB146026 035 $a(PPN)198450311 035 $a(MiAaPQ)EBC957366 035 $a(EXLCZ)992550000000087470 100 $a20180706d2012 uy 0 101 0 $aeng 135 $aur|n|---||||| 181 $ctxt 182 $cc 183 $acr 200 10$aBeyond biopolitics $etheory, violence, and horror in world politics /$fFrancois Debrix and Alexander D. Barder 205 $a1st ed. 210 $aMilton Park, Abingdon, Oxon [England] $cRoutledge$dc2012 210 1$aMilton Park, Abingdon, Oxon [England] ;$aNew York :$cRoutledge,$d2012. 215 $a1 online resource (180 p.) 225 0 $aInterventions 300 $aDescription based upon print version of record. 311 08$a0-415-64366-X 311 08$a0-415-78059-4 320 $aIncludes bibliographical references (p. [134]-166) and index. 327 $aIntroduction : beyond biopolitics -- Agonal sovereignty : rethinking war and politics in an age of terror -- Nothing to fear but fear itself : governmentality and the reproduction of terror -- The nomos of exception and the virtuality of geopolitical space -- The horror of enmity : rethinking alterity in the age of global war -- Conclusion : facing horrific violence. 330 $aBeyond Biopolitics exposes the conceptual limits of critical biopolitical approaches to violence, war, and terror in the post-9/11-War on Terror era.This volume shows that such popular international political theories rely upon frames of representation that leave out of focus a series of extreme forms of gruesome violence that have no concern for the preservation of life, a crucial biopolitical theme. Debrix and Barder mobilize different concepts-horror, agonal sovereignty, the pulverization of the flesh, or the notion of an inhumanity-to-come-to shed light on past and prese 410 0$aInterventions 606 $aBiopolitics 606 $aTerrorism 606 $aWar on Terrorism, 2001-2009 606 $aPolitical violence 615 0$aBiopolitics. 615 0$aTerrorism. 615 0$aWar on Terrorism, 2001-2009. 615 0$aPolitical violence. 676 $a327.101 700 $aDebrix$b Franc?ois$0864404 701 $aBarder$b Alexander D$01878860 801 0$bMiAaPQ 801 1$bMiAaPQ 801 2$bMiAaPQ 906 $aBOOK 912 $a9910958622103321 996 $aBeyond biopolitics$94491780 997 $aUNINA